000 01103nam a2200253 a 4500
001 64888
003 BD-RjUL
005 20211209081350.0
008 170223s1951 ii |||| |||| 000 0 ben d
020 _c: Tk. 5.00
035 _a(BD-RjUL)65018
040 _aBD-RjUL
_bben
_cBD-RjUL
_dBD-RjUL
041 _aben
082 _223
_a891.443
_bGON 1951
100 1 _aগঙ্গোপাধ্যায়, নারায়ণ
_9192348
245 1 _aনারায়ণ গঙ্গোপাধ্যায়ের শ্রেষ্ঠ গল্প /
_cনারায়ণ গঙ্গোপাধ্যায় ; জগদীশ ভট্টাচার্য, সম্পাদিত
250 _a২ য় সং.
260 _aকলিকাতা :
_bবেঙ্গল পাবলিসার্স ;
_c১৯৫১ [১৩৫৮]
300 _a২৭৮ পৃ. ;
_c১৯ সেমি.
650 _aবাংলা ছোটগল্প
_9170454
650 _aBengali Fiction
_9170455
700 1 _aভট্টাচার্য, জগদীশ
_9182431
942 _2ddc
_cBK
999 _c64888
_d64888